The optimal international division of labour

সংরক্ষণ করুন:
গ্রন্থ-পঞ্জীর বিবরন
প্রধান লেখক: Herman, Bohuslav
বিন্যাস: গ্রন্থ
ভাষা:Undetermined
প্রকাশিত: Geneva International Labour Office 1975
বিষয়গুলি:
ট্যাগগুলো: ট্যাগ যুক্ত করুন
কোনো ট্যাগ নেই, প্রথমজন হিসাবে ট্যাগ করুন!
Thư viện lưu trữ: Trung tâm Học liệu Trường Đại học Cần Thơ
LEADER 00525nam a2200181Ia 4500
001 CTU_81290
008 210402s9999 xx 000 0 und d
082 |a 331.1 
082 |b H551 
100 |a Herman, Bohuslav 
245 4 |a The optimal international division of labour 
245 0 |c Bohuslav Herman 
260 |a Geneva 
260 |b International Labour Office 
260 |c 1975 
650 |a Division of labor,International trade 
904 |i Trọng Hải 
980 |a Trung tâm Học liệu Trường Đại học Cần Thơ